Statistics for Rhythmic Gymnastics Group All-Around World Champions

Click here to take the quiz!

General Stats

  • This quiz has been taken 39 times
  • The average score is 22 of 27

Answer Stats

EditionYearAnswer% Correct
XXXV2017Russia
100%
XXIII1999Russia
100%
XXXIV2015Russia
100%
XXVIII2007Russia
100%
XXVII2005Russia
100%
XXVI2003Russia
100%
XVIII1994Russia
100%
XXV2002Russia
100%
VII1975Italy
83%
XXXI2011Italy
83%
XXX2010Italy
83%
XXIX2009Italy
83%
XXXIII2014Bulgaria
80%
XX1996Bulgaria
80%
IV1969Bulgaria
80%
XIX1995Bulgaria
80%
XIII1987Bulgaria
80%
XII1985Bulgaria
80%
XI1983Bulgaria
80%
X1981Bulgaria
80%
V1971Bulgaria
80%
XXII1998Belarus
70%
XXXII2013Belarus
70%
IX1979Soviet Union
63%
VIII1977Soviet Union
63%
VI1973Soviet Union
63%
III1967Soviet Union
63%

Score Distribution

Percentile by Number Answered

Percent of People with Each Score

Your Score History

You have not taken this quiz